Transatlantické vzťahy po roku 1989

Saved in:
Bibliographic Details
Other Authors: Samson, Ivo, Gábelová, Barbora
Format: Book
Language:Slovak
Published: Bratislava Univerzita Komenského 2004
Subjects:
Tags: Add Tag
No Tags, Be the first to tag this record!

MARC

LEADER 00000nam a2200000 4500
001 0212713
005 20221207102825.2
020 |a 80-223-1986-4 
041 0 |a slo 
044 |a SK 
245 1 0 |a Transatlantické vzťahy po roku 1989  |c editori: Ivo Samson, Barbora Gábelová 
264 1 |a Bratislava  |b Univerzita Komenského  |c 2004 
300 |a 148 s. 
610 2 0 |a vzťahy medzinárodné 
610 2 0 |a spolupráca medzinárodná 
610 2 0 |a politika zahraničná 
610 2 0 |a bezpečnosť 
610 2 0 |a obrana štátu 
610 2 0 |a vojenstvo 
610 2 0 |a Európa 
610 2 0 |a USA 
610 2 0 |a NATO 
700 1 |a Samson, Ivo 
700 1 |a Gábelová, Barbora